| 000 | 00388nam a2200169Ia 4500 | ||
|---|---|---|---|
| 008 | 230524s9999 xx 000 0 und d | ||
| 020 | _a8174091084 | ||
| 082 |
_a621.382 _bGAN |
||
| 100 | _aK.A.Ganagdhar | ||
| 245 | 0 | _aCircuit Theory | |
| 250 | _a1ST | ||
| 260 |
_aNEW DELHI _bKhanna _c2003 |
||
| 300 | _aXV;888 | ||
| 500 | _aQuantity Number: 2 | ||
| 650 | _aElectrical | ||
| 942 | _cBK | ||
| 999 |
_c4855 _d4855 |
||